| 000 | 01425cam a2200349 i 4500 | ||
|---|---|---|---|
| 001 | 42579 | ||
| 003 | Mx-PuUPA | ||
| 005 | 20240410103823.0 | ||
| 008 | 140415s2012 sp gr 000 0 spa d | ||
| 020 | _a9788430954438 | ||
| 040 |
_aMx-PuUPA _bspa _cMx-PuUPA _dMx-PuUPA _erda |
||
| 041 | 0 | _aspa | |
| 100 | 1 |
_aSavulescu, Julian, _d1963- _eautor _94399 |
|
| 240 | 1 | 0 |
_aOxford handbook of animal ethics. _lEspañol |
| 245 | 1 | 1 |
_a¿Decisiones peligrosas? : _buna bioética desafiante / _cJulian Savulescu ; prólogo de Peter Singer ; introducción, selección de artículos, traducción del inglés y notas, blanca Rodríguez López y [y otro] |
| 264 | 1 |
_aMadrid, España : _bEditorial Tecnos, _c2012 |
|
| 300 |
_a340 páginas ; _c20 cm |
||
| 336 |
_2rdacontent _atexto _btxt |
||
| 337 |
_2rdamedia _asin medio _bn |
||
| 338 |
_2rdacarrier _avolumen _bnc |
||
| 490 | 0 | _aFilosofía y ensayo | |
| 650 | 7 |
_2armarc _aBioética |
|
| 650 | 7 |
_2armarc _aEugenesia _xAspectos morales |
|
| 650 | 7 |
_2armarc _aDerecho _xFilosofía |
|
| 700 | 1 |
_aSinger, Peter, _eprologuista |
|
| 700 | 1 |
_aRodríguez López, Blanca, _etraductor |
|
| 765 | 0 | 8 |
_aOxford handbook of animal ethics. _d[Lugar de publicación no identificado] : Oxford University Press, 2012 |
| 942 |
_2ddc _cLI _h174.2 _iS263 |
||
| 999 |
_c42579 _d42579 |
||